[Event "Rottach Egern Seniors Cup 10th"]
[White "Semisch, Helga"]
[Black "Oswald Meister, Heidi"]
[Site "Rottach Egern"]
[Round "7"]
[Result "0-1"]
[Date "2022.04.01"]
[WhiteElo "1464"]
[BlackElo "1308"]
[PlyCount "52"]
[EventDate "2022.03.26"]
[EventType "swiss"]
[EventRounds "9"]
[EventCountry "GER"]
[SourceTitle "CBM 207 Extra"]
[Source "ChessBase"]
[SourceDate "2022.05.31"]
[SourceVersion "1"]
[SourceVersionDate "2022.05.31"]
[SourceQuality "1"]

1. d4 Nf6 2. e3 g6 3. Bd3 Bg7 4. f4 d6 5. Nf3 Nc6 6. 0-0 0-0 7. Nbd2 Re8 8. Rb1 e5 9. Be2 Ng4 10. Nb3 exd4 11. Nfxd4 Nxe3 12. Bxe3 Rxe3 13. Nxc6 bxc6 14. Bd3 Re8 15. f5 Qg5 16. Qf3 Re5 17. fxg6 Qe3+ 18. Qxe3 Rxe3 19. gxh7+ Kh8 20. Rxf7 Rxd3 21. cxd3 Be6 22. Rxc7 c5 23. Re7 Bf5 24. Nc1 Bxh7 25. b3 Rf8 26. a3 Bd4+ 0-1

[Event "Rottach Egern Seniors Cup 10th"]
[White "Oswald Meister, Heidi"]
[Black "Wraga, Teresa"]
[Site "Rottach Egern"]
[Round "4"]
[Result "1-0"]
[Date "2022.03.29"]
[WhiteElo "1308"]
[BlackElo "1553"]
[PlyCount "141"]
[EventDate "2022.03.26"]
[EventType "swiss"]
[EventRounds "9"]
[EventCountry "GER"]
[SourceTitle "CBM 207 Extra"]
[Source "ChessBase"]
[SourceDate "2022.05.31"]
[SourceVersion "1"]
[SourceVersionDate "2022.05.31"]
[SourceQuality "1"]

1. e4 d6 2. d4 Nf6 3. Nc3 g6 4. Bc4 Bg7 5. Qe2 0-0 6. e5 dxe5 7. dxe5 Nfd7 8. e6 fxe6 9. Bxe6+ Kh8 10. Bg5 Nf6 11. Rd1 Nbd7 12. Nf3 c6 13. 0-0 Qc7 14. h3 Nc5 15. Bxc8 Raxc8 16. Qe3 b6 17. Bh6 e5 18. Bxg7+ Kxg7 19. b4 Ncd7 20. Ng5 Rce8 21. Nge4 Nxe4 22. Qxe4 Nf6 23. Qc4 Qe7 24. Rfe1 c5 25. b5 h6 26. Ne4 Nxe4 27. Rxe4 Rd8 28. Rde1 Rd4 29. Qe2 Qd7 30. Rxd4 cxd4 31. Qc4 Rc8 32. Qb3 Rc5 33. a4 Qd5 34. Qg3 Kf6 35. Qh4+ Kg7 36. Qe7+ Qf7 37. Rxe5 Qxe7 38. Rxe7+ Kf6 39. Rxa7 Rxc2 40. Ra6 d3 41. Rxb6+ Kf7 42. Rb7+ Kf6 43. Kh2 Rc4 44. Rd7 d2 45. b6 Rxa4 46. Rxd2 Rb4 47. Rd6+ Kf7 48. f3 Rb5 49. f4 h5 50. Kg3 g5 51. fxg5 Rxg5+ 52. Kh4 Rb5 53. g4 Ke7 54. Rh6 Kf7 55. Rxh5 Rxb6 56. Rg5 Rb3 57. Rf5+ Kg6 58. Rc5 Rd3 59. Rc6+ Kg7 60. g5 Re3 61. Kg4 Re4+ 62. Kh5 Rf4 63. h4 Rf2 64. Rc7+ Kg8 65. Kh6 Rh2 66. h5 Rg2 67. g6 Kf8 68. g7+ Kg8 69. Rc8+ Kf7 70. Rf8+ Ke7 71. g8Q 1-0

[Event "Rottach Egern Seniors Cup 10th"]
[White "Spanton, Timothy"]
[Black "Oswald Meister, Heidi"]
[Site "Rottach Egern"]
[Round "1"]
[Result "1-0"]
[Date "2022.03.26"]
[WhiteElo "1912"]
[BlackElo "1308"]
[PlyCount "67"]
[EventDate "2022.03.26"]
[EventType "swiss"]
[EventRounds "9"]
[EventCountry "GER"]
[SourceTitle "CBM 207 Extra"]
[Source "ChessBase"]
[SourceDate "2022.05.31"]
[SourceVersion "1"]
[SourceVersionDate "2022.05.31"]
[SourceQuality "1"]

1. d4 d5 2. e4 e5 3. dxe5 dxe4 4. Qxd8+ Kxd8 5. Nc3 Bb4 6. Bg5+ f6 7. 0-0-0+ Bd7 8. exf6 Nxf6 9. Nxe4 Rf8 10. Nf3 Kc8 11. Nxf6 gxf6 12. Bh6 Re8 13. Bd3 Nc6 14. c3 Bf8 15. Bxf8 Rxf8 16. Bxh7 a5 17. Nd4 Kb8 18. Bf5 Be8 19. Ne6 Rg8 20. g3 Bf7 21. Nxc7 Rd8 22. Ne6 Rxd1+ 23. Rxd1 Bxe6 24. Bxe6 a4 25. Rd7 Ra5 26. Bd5 Rc5 27. Bxc6 Rxc6 28. Kd2 Kc8 29. Rd4 b5 30. Rd5 Rb6 31. h4 Kc7 32. h5 Kc6 33. Rf5 Kb7 34. h6 1-0

[Event "Rottach Egern Seniors Cup 9th"]
[White "Oswald Meister, Heidi"]
[Black "Willin, Bernhard"]
[Site "Rottach Egern"]
[Round "1"]
[Result "0-1"]
[Date "2021.10.22"]
[WhiteElo "1250"]
[BlackElo "1884"]
[PlyCount "81"]
[EventDate "2021.10.22"]
[EventType "swiss"]
[EventRounds "7"]
[EventCountry "GER"]
[SourceTitle "CBM 204 Extra"]
[Source "ChessBase"]
[SourceDate "2021.11.30"]
[SourceVersion "1"]
[SourceVersionDate "2021.11.30"]
[SourceQuality "1"]

1. e4 c5 2. c3 Nc6 3. Nf3 d6 4. d4 cxd4 5. cxd4 Nf6 6. Nc3 h6 7. Be2 e6 8. 0-0 Be7 9. e5 Nd7 10. d5 Ncxe5 11. Nxe5 Nxe5 12. Bb5+ Kf8 13. f4 Nd7 14. dxe6 fxe6 15. f5 e5 16. Bc4 Nf6 17. Qf3 Rb8 18. Qg3 Bd7 19. Nd5 Bc6 20. Nxf6 Bxf6 21. Be6 Qe7 22. b3 b5 23. Bb2 Bd7 24. Bxd7 Qxd7 25. Rad1 Rb6 26. Rd3 e4 27. Rd2 Bxb2 28. Rxb2 h5 29. Rf4 d5 30. h3 Rhh6 31. Rc2 Rbc6 32. Rxc6 Qxc6 33. Rh4 a6 34. Qg5 Qe8 35. f6 Rxf6 36. Qxd5 e3 37. Re4 Qc8 38. Rxe3 Qc1+ 39. Kh2 Qxe3 40. Qxh5 Qf4+ 41. g3 0-1